Solutions manual to accomopany: elements of physical chemistry.(4th ed.) (Record no. 57904)

MARC details
000 -LEADER
fixed length control field 00843nam a2200205 a 4500
008 - FIXED-LENGTH DATA ELEMENTS--GENERAL INFORMATION
fixed length control field 090219s2007 ||||||||||||||||| || u
020 ## - INTERNATIONAL STANDARD BOOK NUMBER
International Standard Book Number 9780199288809
050 ## - LIBRARY OF CONGRESS CALL NUMBER
Classification number QD 458 Tra
100 ## - MAIN ENTRY--PERSONAL NAME
Personal name Cady, Marshall P
245 10 - TITLE STATEMENT
Title Solutions manual to accomopany: elements of physical chemistry.(4th ed.)
Statement of responsibility, etc. Charles A. Trapp; Marshall P. Cady Jr
246 ## - VARYING FORM OF TITLE
Title proper/short title Elements of physical chemistry
250 ## - EDITION STATEMENT
Edition statement 4th ed.
260 ## - PUBLICATION, DISTRIBUTION, ETC.
Place of publication, distribution, etc. New York:
Name of publisher, distributor, etc. Oxford University Press
Date of publication, distribution, etc. 2007
300 ## - PHYSICAL DESCRIPTION
Extent ix, 363p.: ill.
350 ## - PRICE (NR) (BK AM CF MU VM SE) [OBSOLETE]
Price 0.00
650 #0 - SUBJECT ADDED ENTRY--TOPICAL TERM
Topical term or geographic name entry element CHEMISTRY--HANDBOOKS, MANUALS, ETC
650 #0 - SUBJECT ADDED ENTRY--TOPICAL TERM
Topical term or geographic name entry element CHEMISTRY, PHYSICAL AND THEORETICAL--HANDBOOKS, MANUALS, ETC
700 ## - ADDED ENTRY--PERSONAL NAME
Personal name Trapp, Charles A
995 ## - RECOMMENDATION 995 [LOCAL, UNIMARC FRANCE]
-- 0.00
-- CBU-MAIN LIBRARY (Kitwe)
-- 1
-- 0.00
-- 1
-- AVAILABLE
-- Feb 19, 2009
-- Main Library Open Access Collection
Holdings
Withdrawn status Lost status Source of classification or shelving scheme Damaged status Not for loan Home library Current library Shelving location Date acquired Total Checkouts Full call number Barcode Date last seen Price effective from Koha item type
          CBU-MAIN LIBRARY, KITWE. CBU-MAIN LIBRARY, KITWE.   11/30/2022   QD 458 Tra 739613 11/30/2022 11/30/2022 MONOGRAPH